| 000 | 01662nam a2200709Ia 4500 | ||
|---|---|---|---|
| 001 | 7844 | ||
| 008 | 191123s9999 xx 000 0 und d | ||
| 041 | _aeng | ||
| 044 | _axxk | ||
| 100 | _aPlommer, Hugh, | ||
| 245 | 0 | _aAncient and classical architecture. | |
| 260 |
_aLondres : _bLongmans, _c1956. |
||
| 300 | _a384 p. | ||
| 500 | _aDonación del Señor Damián Bayon | ||
| 650 | _aACROPOLIS | ||
| 650 | _aAKHNATON | ||
| 650 | _aALEJANDRIA | ||
| 650 | _aARQUITECTOS GRIEGOS | ||
| 650 | _aARQUITECTURA | ||
| 650 | _aARQUITECTURA EGIPCIA | ||
| 650 | _aARQUITECTURA GRIEGA | ||
| 650 | _aASIRIA | ||
| 650 | _aBABILONIA | ||
| 650 | _aBAÑOS | ||
| 650 | _aCNOSSOS | ||
| 650 | _aCOLUMNA DORICA | ||
| 650 | _aCOLUMNAS EGIPCIAS | ||
| 650 | _aCRETA | ||
| 650 | _aDAMASCO | ||
| 650 | _aDELOS | ||
| 650 | _aEDIFICIOS PRIVADOS ROMANOS | ||
| 650 | _aEDIFICIOS ROMANOS | ||
| 650 | _aEPOCA PREHELENICA | ||
| 650 | _aERA TOLOMEICA | ||
| 650 | _aESTILO ROMANO | ||
| 650 | _aFLORENCIA | ||
| 650 | _aGIZEH | ||
| 650 | _aGRECIA | ||
| 650 | _aKARNAK | ||
| 650 | _aMACEDONIA | ||
| 650 | _aMASTABAS | ||
| 650 | _aMICENAS | ||
| 650 | _aORNAMENTOS ROMANOS | ||
| 650 | _aPARTENON | ||
| 650 | _aPIRAMIDES | ||
| 650 | _aSUMEROS | ||
| 650 | _aTEMPLO DE CERES | ||
| 650 | _aTEMPLO DE POSEIDON | ||
| 650 | _aTEMPLOS GRIEGOS | ||
| 650 | _aTEMPRANA ERA HELENICA | ||
| 650 | _aTUMBAS REALES | ||
| 650 | _aVITRUVIO | ||
| 902 | _aM | ||
| 903 | _am | ||
| 904 | _am | ||
| 905 | _aI | ||
| 907 | _aimpreso | ||
| 911 | _ailustrado blanco y negro ; 23 cm. | ||
| 912 | _a1956 | ||
| 942 | _cLIBRO | ||
| 999 |
_c5544 _d5544 |
||